| 000 | 01091nam a2200241Ii 4500 | ||
|---|---|---|---|
| 003 | JO-AjNU | ||
| 008 | 230605s9999||||xx |||||||||||||| ||und|| | ||
| 017 | _a2021/12/7010 | ||
| 020 | _a978-9957-94-774-3 | ||
| 040 |
_aJO-AjNU _bara _erda _cJO-AjNU |
||
| 041 | _aara | ||
| 050 | 1 | 4 | _aDS154.9.S5498 2021 |
| 100 | 3 |
_aالشرمان، زياد محمد, _eauthor _963719 |
|
| 245 | 0 | 0 | _aالمزار الشمالي:جمال طبيعة... وذكاء انسان |
| 250 | _aالطبعة الاولى | ||
| 264 | 3 | 1 | _aعمان: وزارة الثقافة، 2021 |
| 300 |
_a459ص _bيحتوي على ملاحق وفهرس من ص415-459ص |
||
| 336 |
_atext _btxt _2rdacontent |
||
| 337 |
_aunmediated _bn _2rdamedia |
||
| 338 |
_avolume _bnc _2rdacarrier |
||
| 490 | 0 | _aسلسلة فكر ومعرفة 2022 من منشورات وزارة الثقافة | |
| 650 | 4 |
_aالاوضاع الاجتماعية-التراث الشعبي-الحياة الاقتصادية-الادارة المحلية-تاريخ العائلات-الانساب-المزار الشمالي-اربد-الاردن _963720 |
|
| 999 |
_aA28918 _c32486 _d32486 |
||